| 000 | 00797cab a2200253 4500 | ||
|---|---|---|---|
| 001 | ABS50538 | ||
| 008 | 090401t1994 xxu||||| |||| 00| 0 eng d | ||
| 035 | _a(Sirsi) u76378 | ||
| 041 | _aeng | ||
| 100 | _aWalter, I. | ||
| 245 | _aAfter BEN19: a new approach to farm stocktaking valuations | ||
| 260 | _c1994 | ||
| 350 | _a0 | ||
| 490 |
_aCSM (Chartered Surveyor Monthly) _v3(7) April 1994, 44-45(2) |
||
| 520 | _aAdvises agricultural valuers on producing valuations after the Inland Revenue`s Business Economic Note 19(BEN) on farm stocktaking procedures. | ||
| 650 | _aAGRICULTURAL VALUATION | ||
| 650 | _aBEN 19 | ||
| 650 | _aINCOME TAX | ||
| 650 | _aSTOCKTAKING VALUATIONS | ||
| 690 | _aRATING AND VALUATION | ||
| 690 | _aRURAL PRACTICE | ||
| 942 | _n0 | ||
| 948 | _c04/03/1997 | ||
| 999 |
_c48050 _d48050 |
||